BCIS Dilapidations price book (Record no. 109865)
[ view plain ]
| 000 -LEADER | |
|---|---|
| fixed length control field | 01380cam a22003015a 4500 |
| 001 - CONTROL NUMBER | |
| control field | L148067 |
| 008 - FIXED-LENGTH DATA ELEMENTS--GENERAL INFORMATION | |
| fixed length control field | 090721s2009 xxk f 001 0 eng d |
| 020 ## - INTERNATIONAL STANDARD BOOK NUMBER | |
| International Standard Book Number | 9781904829966 |
| 035 ## - SYSTEM CONTROL NUMBER | |
| System control number | (Sirsi) u148067 |
| 041 0# - LANGUAGE CODE | |
| Language code of text/sound track or separate title | eng |
| 050 04 - LIBRARY OF CONGRESS CALL NUMBER | |
| Classification number | 692.5 $2 18 |
| 110 2# - MAIN ENTRY--CORPORATE NAME | |
| Corporate name or jurisdiction name as entry element | Building Cost Information Service |
| 9 (RLIN) | 1096 |
| 245 00 - TITLE STATEMENT | |
| Title | BCIS Dilapidations price book |
| Remainder of title | 2009 |
| 250 ## - EDITION STATEMENT | |
| Edition statement | 3rd ed. |
| 260 ## - PUBLICATION, DISTRIBUTION, ETC. | |
| Place of publication, distribution, etc. | London |
| Name of publisher, distributor, etc. | BCIS |
| Date of publication, distribution, etc. | 2009 |
| 300 ## - PHYSICAL DESCRIPTION | |
| Extent | 322p. |
| Dimensions | 21cm. |
| 350 ## - PRICE (NR) (BK AM CF MU VM SE) [OBSOLETE] | |
| Price | 175 |
| 505 2# - FORMATTED CONTENTS NOTE | |
| Formatted contents note | Part 1: introduction to the price book -- Part 2 - Guidance on using the price book -- Part 3: measured rates -- Part 4: supplementary pricing information |
| 520 ## - SUMMARY, ETC. | |
| Summary, etc. | Supersedes the second edition (ISBN 9781904829799) |
| 520 ## - SUMMARY, ETC. | |
| Summary, etc. | Provides cost data for dilapidations schedules for both residential and non-residential buildings. Aims to save time and minimise disputes associated with costing schedules of dilapidations. Helps in the application of the BCIS Building Maintenance Price Book (E142530), and other estimation price books. Provides supplementary pricing information to help practitioners where changes are needed to reflect local market conditions. |
| 521 ## - TARGET AUDIENCE NOTE | |
| Target audience note | Advanced |
| 590 ## - LOCAL NOTE (RLIN) | |
| Local note | KA |
| 651 #4 - SUBJECT ADDED ENTRY--GEOGRAPHIC NAME | |
| Geographic name | United Kingdom |
| Chronological subdivision | |
| 690 ## - LOCAL SUBJECT ADDED ENTRY--TOPICAL TERM (OCLC, RLIN) | |
| Topical term or geographic name as entry element | BUILT ENVIRONMENT-BUILDING SURVEYING-DILAPIDATIONS SURVEYING |
| 690 ## - LOCAL SUBJECT ADDED ENTRY--TOPICAL TERM (OCLC, RLIN) | |
| Topical term or geographic name as entry element | BUILT ENVIRONMENT-BUILDING COSTS |
| 942 ## - ADDED ENTRY ELEMENTS (KOHA) | |
| Suppress in OPAC | 0 |
| Withdrawn status | Lost status | Source of classification or shelving scheme | Damaged status | Not for loan | Home library | Current library | Shelving location | Date acquired | Total Checkouts | Full call number | Barcode | Date last seen | Date last checked out | Copy number | Price effective from | Koha item type |
|---|---|---|---|---|---|---|---|---|---|---|---|---|---|---|---|---|
| Dewey Decimal Classification | London | London | Basement | 21/07/2009 | 6 | 692.5 BUI | 30076862 | 06/08/2019 | 19/01/2010 | 3 | 06/08/2019 | Book | ||||
| Dewey Decimal Classification | London | London | RICS Boxes | 03/08/2009 | RICS 2009/20 | 30076859 | 06/08/2019 | 1 | 06/08/2019 | Archive |